000 00547nam a2200097Ia 4500
008 170517s9999 xx 000 0 und d
245 4 _aThe Drugging of Our Children
300 _aIn the absence of any objective medical tests to determine who has ADD or ADHD, doctors rely in part on standardized assessments and the impressions of teachers and guardians while the they administer leave little room for other causes or aggravating factors, such as...
650 _xTechnology.
856 _uhttp://topdocumentaryfilms.com/the-drugging-of-our-children/
999 _c335105
_d335105